000 01392cad a2200301 4500
001 L158863
008 100215n2013 000 0 eng u
020 _a9781783210305
035 _a(Sirsi) u158863
041 _aeng
100 1 _aIyer, K. C.
111 2 _aConstruction and Building Research Conference
_cIIT Delhi, New Delhi
_d10-12 September 2013
245 0 0 _aIntegrating construction project model and safety guidelines for efficient safety planning
_h[electronic resource]
260 _aLondon
_bRICS
_c2013
490 0 _aCOBRA
_v2013
520 _aA paper presented at the COBRA Conference in New Delhi on 10-12 September 2013. Looks into ways to ensure efficient safety planning and management in construction from the conceptual stage of the project and propose an improved method based on the comparison of previous methods. It demonstrates the effectiveness of adopting and implementing BIM (Building Information Modelling) in construction and thereby ensuring better safety standards.
650 2 4 _aCONSTRUCTION AND BUILDING RESEARCH CONFERENCE (COBRA)
650 2 4 _aBIM
_96219
650 2 4 _aCONCEPTUAL
650 2 4 _aSAFETY MANAGEMENT
651 4 _aInternational
690 _aHealth and safety
_96244
690 _aConstruction management
_96230
700 1 _aBargstädt, Hans-Joachim
700 1 _aJacob, D.S.
700 1 _aMelzner, Jürgen
942 _n0
999 _c115552
_d115552